[Event "WchT 8th"]
[Site "Ningbo"]
[Date "2011.07.26"]
[Round "9.3"]
[White "Smirin, Ilia"]
[Black "Seirawan, Yasser"]
[Result "1/2-1/2"]
[WhiteElo "2676"]
[BlackElo "2635"]
[PlyCount "90"]
[EventDate "2011.07.17"]
[EventType "team-tourn"]
[EventRounds "9"]
[EventCountry "CHN"]
[SourceTitle "CBM 144"]
[Source "ChessBase"]
[SourceDate "2011.09.16"]
[SourceVersion "1"]
[SourceVersionDate "2011.09.16"]
[SourceQuality "1"]
[WhiteTeam "Israel"]
[BlackTeam "United States"]
[WhiteTeamCountry "ISR"]
[BlackTeamCountry "USA"]

1. e4 c6 2. d4 d5 3. e5 Bf5 4. Nf3 e6 5. Be2 Ne7 6. 0-0 c5 7. dxc5 Nec6 8. Be3 Nd7 9. c4 dxc4 10. Nbd2 c3 11. bxc3 Bxc5 12. Nd4 0-0 13. Nc4 Be4 14. Nd6 Nxd4 15. Bxd4 Bc6 16. Qd2 Qe7 17. Bxc5 Nxc5 18. Qe3 b6 19. f4 f6 20. Rad1 fxe5 21. Qxe5 Qf6 22. Nc4 Rad8 23. Rxd8 Qxd8 24. Rd1 Qf6 25. g3 Qg6 26. Qe3 Qe4 27. Qxe4 Nxe4 28. Bg4 Bd5 29. Ne3 Nxc3 30. Rd3 Nxa2 31. Nxd5 exd5 32. Ra3 Nb4 33. Be6+ Kh8 34. Rxa7 Rd8 35. Rb7 d4 36. Rxb6 d3 37. Rxb4 d2 38. Bg4 d1Q+ 39. Bxd1 Rxd1+ 40. Kf2 h5 41. Rb5 Rd2+ 42. Kg1 g6 43. f5 Kg7 44. Rb7+ Kf6 45. fxg6 Ke5 1/2-1/2